| 000 | 00586nam a2200205Ia 4500 | ||
|---|---|---|---|
| 005 | 20231013113741.0 | ||
| 008 | 230215b |||||||| |||| 00| 0 eng d | ||
| 020 | _a0631203389 | ||
| 040 | _aMCHVL | ||
| 041 | _aEnglish | ||
| 082 |
_a170 _bBON |
||
| 100 | _aBond, E. J. | ||
| 245 |
_aEthics and human well-being : _ban introduction to moral philosophy / _cE. J. Bond |
||
| 260 |
_aOxford : _bBlackwell, _c1996. |
||
| 300 |
_ax, 270p. ; _c23cm. |
||
| 490 | _aIntroducing philosophy | ||
| 500 | _aIncludes bibliographical references and index. | ||
| 650 | _aEthics | ||
| 942 | _cBK | ||
| 999 |
_c4669 _d4669 |
||